[Event "World Chess Olympiad 2018"]
[Site "Batumi"]
[Date "2018.10.04"]
[Round "10"]
[Board "1"]
[WhiteFideId "922412"]
[White "Djukic Nikola"]
[BlackFideId "4402669"]
[Black "Gallego Alcaraz Andres Felipe"]
[Result "1-0"]
[LiveChessVersion "1.4.8"]
[BlackElo "2511"]
[WhiteElo "2567"]

1. e4 {[%clk 1:30:57]} c5 {[%clk 1:30:53]} 2. Nf3 {[%clk 1:31:21]} Nc6
{[%clk 1:31:16]} 3. d4 {[%clk 1:31:44]} cxd4 {[%clk 1:31:40]} 4. Nxd4
{[%clk 1:32:11]} Nf6 {[%clk 1:32:02]} 5. Nc3 {[%clk 1:32:34]} e5 {[%clk 1:32:22]}
6. Ndb5 {[%clk 1:32:42]} d6 {[%clk 1:32:45]} 7. Bg5 {[%clk 1:33:02]} a6
{[%clk 1:33:08]} 8. Na3 {[%clk 1:33:19]} b5 {[%clk 1:33:31]} 9. Nd5
{[%clk 1:33:44]} Qa5+ {[%clk 1:33:52]} 10. Bd2 {[%clk 1:34:01]} Qd8
{[%clk 1:34:16]} 11. Bd3 {[%clk 1:33:28]} Nxd5 {[%clk 1:31:42]} 12. exd5
{[%clk 1:33:49]} Ne7 {[%clk 1:32:06]} 13. c4 {[%clk 1:34:12]} g6 {[%clk 1:32:23]}
14. cxb5 {[%clk 1:33:34]} Bg7 {[%clk 1:32:44]} 15. O-O {[%clk 1:33:04]} O-O
{[%clk 1:32:53]} 16. Re1 {[%clk 1:25:31]} axb5 {[%clk 1:10:09]} 17. Nxb5
{[%clk 1:23:43]} Nxd5 {[%clk 1:07:42]} 18. Be4 {[%clk 1:19:57]} Rb8
{[%clk 0:58:10]} 19. Bxd5 {[%clk 1:09:25]} Rxb5 {[%clk 0:58:30]} 20. Bc3
{[%clk 1:09:36]} Be6 {[%clk 0:47:04]} 21. Bf3 {[%clk 0:59:31]} Qb8
{[%clk 0:38:51]} 22. a4 {[%clk 0:49:17]} Rc5 {[%clk 0:38:23]} 23. a5
{[%clk 0:20:14]} d5 {[%clk 0:38:15]} 24. a6 {[%clk 0:20:35]} Rxc3
{[%clk 0:37:27]} 25. bxc3 {[%clk 0:20:56]} e4 {[%clk 0:37:48]} 26. Rb1
{[%clk 0:18:43]} Qa8 {[%clk 0:30:07]} 27. Be2 {[%clk 0:16:50]} Bxc3
{[%clk 0:29:45]} 28. Rf1 {[%clk 0:14:42]} d4 {[%clk 0:27:14]} 29. Bb5
{[%clk 0:13:28]} d3 {[%clk 0:06:16]} 30. Qa4 {[%clk 0:13:13]} Rc8
{[%clk 0:05:46]} 31. a7 {[%clk 0:09:46]} Bd5 {[%clk 0:03:30]} 32. Bd7
{[%clk 0:06:16]} Rd8 {[%clk 0:03:53]} 33. Rfc1 {[%clk 0:04:15]} Be5
{[%clk 0:04:01]} 34. Rc5 {[%clk 0:02:15]} Bd6 {[%clk 0:01:43]} 35. Rxd5
{[%clk 0:01:38]} Qxd5 {[%clk 0:02:04]} 36. Bc6 {[%clk 0:01:58]} Qe5
{[%clk 0:00:32]} 37. g3 {[%clk 0:02:18]} e3 {[%clk 0:00:35]} 38. a8=Q
{[%clk 0:01:47]} exf2+ {[%clk 0:00:46]} 39. Kg2 {[%clk 0:01:58]} Bb8
{[%clk 0:00:33]} 40. Rf1 {[%clk 0:31:20]} 1-0

[Event "World Chess Olympiad 2018"]
[Site "Batumi"]
[Date "2018.10.04"]
[Round "10"]
[Board "2"]
[WhiteFideId "4403940"]
[White "Rios Cristhian Camilo"]
[BlackFideId "900885"]
[Black "Blagojevic Dragisa"]
[Result "1-0"]
[LiveChessVersion "1.4.8"]
[BlackElo "2476"]
[WhiteElo "2465"]

1. d4 {[%clk 1:30:54]} d5 {[%clk 1:30:54]} 2. c4 {[%clk 1:31:16]} e6
{[%clk 1:31:20]} 3. Nc3 {[%clk 1:31:37]} c6 {[%clk 1:31:45]} 4. e4
{[%clk 1:32:00]} dxe4 {[%clk 1:32:09]} 5. Nxe4 {[%clk 1:32:22]} Bb4+
{[%clk 1:32:35]} 6. Bd2 {[%clk 1:31:38]} Qxd4 {[%clk 1:32:54]} 7. Bxb4
{[%clk 1:31:59]} Qxe4+ {[%clk 1:33:20]} 8. Be2 {[%clk 1:32:14]} Nd7
{[%clk 1:33:37]} 9. Nf3 {[%clk 1:32:35]} c5 {[%clk 1:33:37]} 10. Bc3
{[%clk 1:32:51]} Ne7 {[%clk 1:33:32]} 11. O-O {[%clk 1:32:45]} O-O
{[%clk 1:33:45]} 12. Bd3 {[%clk 1:32:56]} Qc6 {[%clk 1:33:39]} 13. Re1
{[%clk 1:13:14]} Ng6 {[%clk 1:29:46]} 14. Ng5 {[%clk 1:07:23]} Nf6
{[%clk 1:25:26]} 15. Qc2 {[%clk 1:02:36]} Re8 {[%clk 1:14:38]} 16. Re3
{[%clk 0:51:57]} e5 {[%clk 1:04:44]} 17. Rae1 {[%clk 0:52:12]} Bd7
{[%clk 0:53:21]} 18. h3 {[%clk 0:46:35]} Qc7 {[%clk 0:39:22]} 19. Bxg6
{[%clk 0:42:08]} hxg6 {[%clk 0:37:15]} 20. Bxe5 {[%clk 0:42:26]} Qa5
{[%clk 0:33:38]} 21. Bc3 {[%clk 0:35:10]} Qd8 {[%clk 0:28:09]} 22. Rxe8+
{[%clk 0:32:44]} Bxe8 {[%clk 0:24:49]} 23. Qe2 {[%clk 0:32:07]} Bc6
{[%clk 0:18:35]} 24. Qe7 {[%clk 0:12:44]} Qxe7 {[%clk 0:18:44]} 25. Rxe7
{[%clk 0:13:07]} Rf8 {[%clk 0:19:10]} 26. Be5 {[%clk 0:13:08]} Nh7
{[%clk 0:13:07]} 27. Ne6 {[%clk 0:09:31]} Rc8 {[%clk 0:05:48]} 28. Nxc5
{[%clk 0:09:42]} b6 {[%clk 0:05:26]} 29. Nb3 {[%clk 0:09:01]} a5 {[%clk 0:03:51]}
30. Nd4 {[%clk 0:09:19]} Be8 {[%clk 0:01:59]} 31. Rb7 {[%clk 0:07:41]} Rxc4
{[%clk 0:01:54]} 32. Rb8 {[%clk 0:07:48]} f6 {[%clk 0:02:17]} 33. b3
{[%clk 0:04:38]} Rc1+ {[%clk 0:02:15]} 34. Kh2 {[%clk 0:05:02]} Kf7
{[%clk 0:01:16]} 35. Bf4 {[%clk 0:04:25]} Rf1 {[%clk 0:00:37]} 36. Rb7+
{[%clk 0:03:59]} Kg8 {[%clk 0:01:01]} 37. Be3 {[%clk 0:04:21]} f5
{[%clk 0:00:41]} 38. Ne6 {[%clk 0:04:35]} 1-0

[Event "World Chess Olympiad 2018"]
[Site "Batumi"]
[Date "2018.10.04"]
[Round "10"]
[Board "3"]
[WhiteFideId "944335"]
[White "Draskovic Luka"]
[BlackFideId "4403304"]
[Black "Sanchez Sebastian Felipe"]
[Result "0-1"]
[LiveChessVersion "1.4.8"]
[BlackElo "2424"]
[WhiteElo "2449"]

1. e4 {[%clk 1:30:54]} e6 {[%clk 1:30:57]} 2. d4 {[%clk 1:31:17]} d5
{[%clk 1:31:23]} 3. Nc3 {[%clk 1:31:41]} Bb4 {[%clk 1:31:48]} 4. exd5
{[%clk 1:31:27]} exd5 {[%clk 1:32:12]} 5. a3 {[%clk 1:31:52]} Bxc3+
{[%clk 1:29:42]} 6. bxc3 {[%clk 1:32:18]} Nc6 {[%clk 1:30:09]} 7. Bd3
{[%clk 1:30:51]} Qf6 {[%clk 1:19:00]} 8. Qh5 {[%clk 1:12:13]} Nge7
{[%clk 1:18:03]} 9. Bg5 {[%clk 1:12:08]} Qe6+ {[%clk 1:18:04]} 10. Ne2
{[%clk 1:12:15]} Qg4 {[%clk 1:14:31]} 11. Qxg4 {[%clk 1:10:25]} Bxg4
{[%clk 1:14:57]} 12. Ng3 {[%clk 1:09:40]} h5 {[%clk 1:09:25]} 13. f3
{[%clk 0:56:39]} Be6 {[%clk 1:08:44]} 14. Kd2 {[%clk 0:53:37]} h4
{[%clk 1:06:53]} 15. Ne2 {[%clk 0:53:26]} f6 {[%clk 1:06:55]} 16. Be3
{[%clk 0:53:17]} O-O-O {[%clk 1:02:11]} 17. Rae1 {[%clk 0:44:22]} Kd7
{[%clk 0:48:39]} 18. Bf2 {[%clk 0:39:45]} g5 {[%clk 0:44:12]} 19. g3
{[%clk 0:36:26]} hxg3 {[%clk 0:36:54]} 20. hxg3 {[%clk 0:36:38]} Na5
{[%clk 0:32:19]} 21. g4 {[%clk 0:21:32]} f5 {[%clk 0:31:09]} 22. gxf5
{[%clk 0:20:37]} Nxf5 {[%clk 0:31:34]} 23. Bg3 {[%clk 0:15:02]} Nc4+
{[%clk 0:25:24]} 24. Bxc4 {[%clk 0:14:51]} dxc4 {[%clk 0:25:51]} 25. Reg1
{[%clk 0:05:29]} Bd5 {[%clk 0:23:08]} 26. Rxh8 {[%clk 0:05:54]} Rxh8
{[%clk 0:23:35]} 27. Be5 {[%clk 0:06:20]} Rg8 {[%clk 0:23:52]} 28. f4
{[%clk 0:04:31]} Nh4 {[%clk 0:17:44]} 29. Ke3 {[%clk 0:03:40]} gxf4+
{[%clk 0:17:51]} 30. Kf2 {[%clk 0:02:42]} Rxg1 {[%clk 0:17:20]} 31. Nxg1
{[%clk 0:02:49]} Ng6 {[%clk 0:17:44]} 32. Ne2 {[%clk 0:02:24]} Nxe5
{[%clk 0:17:41]} 33. dxe5 {[%clk 0:02:22]} Ke6 {[%clk 0:17:41]} 34. Nxf4+
{[%clk 0:02:07]} Kxe5 {[%clk 0:18:08]} 35. Ne2 {[%clk 0:01:10]} Be4
{[%clk 0:17:59]} 36. Ke3 {[%clk 0:00:34]} Bxc2 {[%clk 0:15:37]} 37. Nd4
{[%clk 0:00:59]} Bd1 {[%clk 0:11:17]} 38. Kd2 {[%clk 0:00:44]} c5
{[%clk 0:11:09]} 39. Nc6+ {[%clk 0:00:32]} bxc6 {[%clk 0:10:23]} 40. Kxd1
{[%clk 0:30:58]} Kf4 {[%clk 0:40:41]} 41. Ke2 {[%clk 0:30:09]} Ke4
{[%clk 0:41:01]} 42. a4 {[%clk 0:30:02]} a5 {[%clk 0:41:26]} 0-1

[Event "World Chess Olympiad 2018"]
[Site "Batumi"]
[Date "2018.10.04"]
[Round "10"]
[Board "4"]
[WhiteFideId "4404025"]
[White "Martinez Romero Martin"]
[BlackFideId "921815"]
[Black "Kalezic Blazo"]
[Result "0-1"]
[LiveChessVersion "1.4.8"]
[BlackElo "2448"]
[WhiteElo "2438"]

1. e4 {[%clk 1:30:56]} e6 {[%clk 1:30:43]} 2. d4 {[%clk 1:30:50]} d5
{[%clk 1:31:06]} 3. Nc3 {[%clk 1:31:16]} Nf6 {[%clk 1:31:20]} 4. e5
{[%clk 1:31:28]} Nfd7 {[%clk 1:31:33]} 5. f4 {[%clk 1:30:38]} c5 {[%clk 1:31:09]}
6. Nf3 {[%clk 1:30:37]} Be7 {[%clk 1:27:32]} 7. dxc5 {[%clk 1:24:16]} Bxc5
{[%clk 1:26:24]} 8. Bd3 {[%clk 1:23:22]} a6 {[%clk 1:24:30]} 9. h4
{[%clk 1:20:38]} Nc6 {[%clk 1:18:36]} 10. Bd2 {[%clk 1:19:50]} b5
{[%clk 1:14:39]} 11. Qe2 {[%clk 1:18:36]} Ba7 {[%clk 1:05:27]} 12. Ng5
{[%clk 1:09:22]} Nc5 {[%clk 1:03:13]} 13. Bxh7 {[%clk 0:42:07]} b4
{[%clk 0:56:48]} 14. Qh5 {[%clk 0:34:58]} g6 15. Qh6 {[%clk 0:26:50]} bxc3
{[%clk 0:52:16]} 16. Bxc3 {[%clk 0:26:44]} Qe7 {[%clk 0:51:34]} 17. h5
{[%clk 0:20:36]} gxh5 {[%clk 0:50:22]} 18. Qxh5 {[%clk 0:19:13]} Rf8
{[%clk 0:42:19]} 19. O-O-O {[%clk 0:15:43]} Kd7 {[%clk 0:39:08]} 20. Bg6
{[%clk 0:12:57]} fxg6 {[%clk 0:27:57]} 21. Qxg6 {[%clk 0:13:22]} Qe8
{[%clk 0:28:18]} 22. Rh7+ {[%clk 0:04:45]} Ne7 {[%clk 0:27:36]} 23. Nxe6
{[%clk 0:01:17]} Nxe6 {[%clk 0:25:15]} 24. Rxd5+ {[%clk 0:01:10]} Kc7
{[%clk 0:24:38]} 25. Qd3 {[%clk 0:00:31]} Rf7 {[%clk 0:15:15]} 26. Ba5+
{[%clk 0:00:37]} Kb8 {[%clk 0:14:25]} 27. Rd8 {[%clk 0:00:45]} Qc6
{[%clk 0:06:18]} 28. Rxf7 {[%clk 0:00:48]} Nxd8 {[%clk 0:06:35]} 29. Rxe7
{[%clk 0:00:51]} Bb6 {[%clk 0:04:01]} 30. Qb3 {[%clk 0:00:47]} Ra7
{[%clk 0:04:24]} 31. Re8 {[%clk 0:00:34]} Rb7 {[%clk 0:04:05]} 0-1

[Event "World Chess Olympiad 2018"]
[Site "Batumi"]
[Date "2018.10.04"]
[Round "10"]
[Board "1"]
[WhiteFideId "503142"]
[White "Nyback Tomi"]
[BlackFideId "10200444"]
[Black "Mollah Abdullah Al Rakib"]
[Result "1/2-1/2"]
[LiveChessVersion "1.4.8"]
[BlackElo "2472"]
[WhiteElo "2579"]

1. d4 {[%clk 1:30:56]} Nf6 {[%clk 1:30:46]} 2. c4 {[%clk 1:31:21]} e6
{[%clk 1:31:09]} 3. g3 {[%clk 1:31:47]} d5 {[%clk 1:31:25]} 4. Nf3
{[%clk 1:32:10]} Bb4+ {[%clk 1:31:04]} 5. Bd2 {[%clk 1:32:23]} Be7
{[%clk 1:31:28]} 6. Bg2 {[%clk 1:32:46]} c6 {[%clk 1:31:42]} 7. Qc2
{[%clk 1:33:05]} O-O {[%clk 1:31:30]} 8. O-O {[%clk 1:33:22]} b6 {[%clk 1:31:36]}
9. Rd1 {[%clk 1:33:16]} Bb7 {[%clk 1:29:58]} 10. Bf4 {[%clk 1:32:48]} Nbd7
{[%clk 1:26:47]} 11. Ne5 {[%clk 1:32:31]} Nh5 {[%clk 1:16:20]} 12. Bd2
{[%clk 1:30:07]} Bd6 {[%clk 1:04:18]} 13. Bc3 {[%clk 0:59:41]} f5
{[%clk 0:58:00]} 14. Qa4 {[%clk 0:53:09]} Ndf6 {[%clk 0:42:39]} 15. Nd2
{[%clk 0:49:02]} Ne4 {[%clk 0:39:59]} 16. Nxe4 {[%clk 0:35:31]} fxe4
{[%clk 0:40:07]} 17. f4 {[%clk 0:33:57]} Nf6 {[%clk 0:36:10]} 18. e3
{[%clk 0:30:25]} Qe8 {[%clk 0:29:28]} 19. h3 {[%clk 0:26:21]} b5 {[%clk 0:26:59]}
20. cxb5 {[%clk 0:26:17]} cxb5 {[%clk 0:26:05]} 21. Qa5 {[%clk 0:25:31]} a6
{[%clk 0:15:58]} 22. Bb4 {[%clk 0:20:16]} Qe7 {[%clk 0:14:00]} 23. Bxd6
{[%clk 0:15:22]} Qxd6 {[%clk 0:14:27]} 24. Rac1 {[%clk 0:15:23]} Rfc8
{[%clk 0:14:17]} 25. Bf1 {[%clk 0:07:46]} Rxc1 {[%clk 0:09:23]} 26. Rxc1
{[%clk 0:07:56]} Rc8 {[%clk 0:09:38]} 27. Rxc8+ {[%clk 0:06:57]} Bxc8
{[%clk 0:10:05]} 28. Qc3 {[%clk 0:06:40]} Bb7 {[%clk 0:09:08]} 29. Qc5
{[%clk 0:03:24]} Qxc5 {[%clk 0:07:53]} 30. dxc5 {[%clk 0:03:48]} Kf8
{[%clk 0:08:09]} 31. b4 {[%clk 0:03:20]} Ke7 {[%clk 0:07:58]} 32. Kf2
{[%clk 0:03:28]} Nd7 {[%clk 0:06:27]} 33. Nxd7 {[%clk 0:02:31]} Kxd7
{[%clk 0:06:55]} 34. h4 {[%clk 0:02:39]} h5 {[%clk 0:02:32]} 35. Ke2
{[%clk 0:02:52]} Ke7 {[%clk 0:02:57]} 36. Kd2 {[%clk 0:02:52]} Bc6
{[%clk 0:02:04]} 37. Kc3 {[%clk 0:03:06]} Kf6 {[%clk 0:02:21]} 38. Kd4
{[%clk 0:02:51]} g6 {[%clk 0:01:38]} 39. a4 {[%clk 0:02:31]} Be8 {[%clk 0:01:13]}
40. axb5 {[%clk 0:32:01]} axb5 {[%clk 0:31:36]} 41. c6 {[%clk 0:17:30]} Bxc6
{[%clk 0:32:00]} 42. Kc5 {[%clk 0:17:52]} Be8 {[%clk 0:32:12]} 43. Kd6
{[%clk 0:17:25]} Kf7 {[%clk 0:28:40]} 44. Ke5 {[%clk 0:15:42]} Ke7
{[%clk 0:26:39]} 45. Be2 {[%clk 0:15:35]} Bc6 {[%clk 0:21:04]} 46. g4
{[%clk 0:13:51]} hxg4 {[%clk 0:17:09]} 47. Bxg4 {[%clk 0:14:14]} Bd7
{[%clk 0:17:33]} 48. h5 {[%clk 0:12:34]} gxh5 {[%clk 0:17:58]} 49. Bxh5
{[%clk 0:12:50]} Bc6 {[%clk 0:15:57]} 50. Bg4 {[%clk 0:11:11]} Bd7
{[%clk 0:16:18]} 51. Bh3 {[%clk 0:09:35]} Bc8 {[%clk 0:14:31]} 52. Bf1
{[%clk 0:08:24]} Bd7 {[%clk 0:14:53]} 53. Be2 {[%clk 0:08:23]} Bc6
{[%clk 0:15:05]} 54. Bd1 {[%clk 0:08:40]} Be8 {[%clk 0:13:45]} 55. Bb3
{[%clk 0:07:24]} Bc6 {[%clk 0:13:03]} 1/2-1/2

[Event "World Chess Olympiad 2018"]
[Site "Batumi"]
[Date "2018.10.04"]
[Round "10"]
[Board "2"]
[WhiteFideId "10200037"]
[White "Rahman Ziaur"]
[BlackFideId "502081"]
[Black "Karttunen Mika"]
[Result "1/2-1/2"]
[LiveChessVersion "1.4.8"]
[BlackElo "2472"]
[WhiteElo "2477"]

1. Nf3 {[%clk 1:30:55]} f5 {[%clk 1:30:45]} 2. d3 {[%clk 1:30:15]} d5
{[%clk 1:31:03]} 3. g3 {[%clk 1:28:58]} Nf6 {[%clk 1:31:18]} 4. Bg2
{[%clk 1:29:21]} e6 {[%clk 1:31:37]} 5. O-O {[%clk 1:29:05]} c6 {[%clk 1:31:57]}
6. c4 {[%clk 1:23:48]} Be7 {[%clk 1:32:13]} 7. b3 {[%clk 1:19:55]} O-O
{[%clk 1:32:29]} 8. Bb2 {[%clk 1:17:52]} a5 {[%clk 1:32:45]} 9. Nc3
{[%clk 1:15:35]} Na6 {[%clk 1:21:30]} 10. e3 {[%clk 1:09:46]} Nc5
{[%clk 1:20:32]} 11. cxd5 {[%clk 1:05:24]} exd5 {[%clk 1:19:59]} 12. Ne2
{[%clk 1:03:55]} Qb6 {[%clk 1:15:06]} 13. Rb1 {[%clk 1:03:41]} Qa6
{[%clk 1:05:08]} 14. Nf4 {[%clk 0:59:35]} Ne6 {[%clk 1:04:32]} 15. Qc2
{[%clk 0:57:05]} Nxf4 {[%clk 0:52:13]} 16. exf4 {[%clk 0:56:12]} Bd7
{[%clk 0:51:46]} 17. Ne5 {[%clk 0:54:25]} Rae8 {[%clk 0:48:34]} 18. a3
{[%clk 0:52:19]} Bc8 {[%clk 0:48:14]} 19. Bc3 {[%clk 0:47:36]} Ng4
{[%clk 0:45:17]} 20. b4 {[%clk 0:45:55]} axb4 {[%clk 0:42:56]} 21. axb4
{[%clk 0:46:17]} Qb5 {[%clk 0:38:31]} 22. Nxg4 {[%clk 0:41:00]} fxg4
{[%clk 0:38:54]} 23. Rfe1 {[%clk 0:41:26]} Bf5 {[%clk 0:34:05]} 24. Bf1
{[%clk 0:40:59]} Bf6 {[%clk 0:28:55]} 25. Bxf6 {[%clk 0:39:22]} gxf6
{[%clk 0:27:30]} 26. Qc3 {[%clk 0:39:10]} Kg7 {[%clk 0:21:10]} 27. Qd4
{[%clk 0:39:12]} Rxe1 {[%clk 0:20:24]} 28. Rxe1 {[%clk 0:39:36]} Qa4
{[%clk 0:19:52]} 29. Qc5 {[%clk 0:30:03]} Rf7 {[%clk 0:18:39]} 30. Rc1
{[%clk 0:28:56]} Qb3 {[%clk 0:17:47]} 31. Rc3 {[%clk 0:24:40]} Qb2
{[%clk 0:16:40]} 32. Rc2 {[%clk 0:22:59]} Qb3 {[%clk 0:15:56]} 33. Rc1
{[%clk 0:22:45]} Rd7 {[%clk 0:15:12]} 34. Re1 {[%clk 0:22:38]} Kf7
{[%clk 0:14:54]} 35. h3 {[%clk 0:19:20]} h5 {[%clk 0:13:31]} 36. hxg4
{[%clk 0:17:30]} hxg4 {[%clk 0:13:54]} 37. Re3 {[%clk 0:14:59]} Qb1
{[%clk 0:13:20]} 38. Kg2 {[%clk 0:15:07]} Qd1 {[%clk 0:04:36]} 39. Be2
{[%clk 0:12:50]} Qd2 {[%clk 0:04:53]} 40. Kf1 {[%clk 0:40:45]} b6
{[%clk 0:30:37]} 41. Qxc6 {[%clk 0:34:17]} Qxb4 {[%clk 0:28:58]} 42. Qc8
{[%clk 0:20:11]} Qf8 {[%clk 0:27:45]} 43. Qxf8+ {[%clk 0:20:01]} Kxf8
{[%clk 0:28:10]} 44. d4 {[%clk 0:20:12]} Ra7 {[%clk 0:26:56]} 45. f3
{[%clk 0:16:36]} Ra1+ {[%clk 0:24:29]} 46. Kf2 {[%clk 0:17:01]} Ra2
{[%clk 0:24:33]} 47. Ke1 {[%clk 0:17:26]} Ra1+ {[%clk 0:20:42]} 48. Kf2
{[%clk 0:17:39]} Ra2 {[%clk 0:19:50]} 49. Ke1 {[%clk 0:18:03]} Ra1+ 1/2-1/2

[Event "World Chess Olympiad 2018"]
[Site "Batumi"]
[Date "2018.10.04"]
[Round "10"]
[Board "3"]
[WhiteFideId "509825"]
[White "Keinanen Toivo"]
[BlackFideId "10207791"]
[Black "Mohammad Fahad Rahman"]
[Result "1/2-1/2"]
[LiveChessVersion "1.4.8"]
[BlackElo "2263"]
[WhiteElo "2402"]

1. d4 {[%clk 1:30:44]} Nf6 {[%clk 1:30:54]} 2. Nf3 {[%clk 1:30:36]} g6
{[%clk 1:31:12]} 3. b3 {[%clk 1:30:59]} Bg7 {[%clk 1:31:39]} 4. Bb2
{[%clk 1:31:16]} O-O {[%clk 1:31:37]} 5. e3 {[%clk 1:31:28]} d5 {[%clk 1:31:27]}
6. Be2 {[%clk 1:31:39]} Nbd7 {[%clk 1:31:01]} 7. O-O {[%clk 1:28:25]} c6
{[%clk 1:30:55]} 8. c4 {[%clk 1:27:11]} Ne4 {[%clk 1:29:10]} 9. Nbd2
{[%clk 1:17:35]} Re8 {[%clk 1:22:19]} 10. Rc1 {[%clk 1:05:23]} Qa5
{[%clk 1:07:52]} 11. a3 {[%clk 1:03:34]} Nxd2 {[%clk 1:08:06]} 12. Nxd2
{[%clk 0:59:35]} e5 {[%clk 1:07:43]} 13. cxd5 {[%clk 0:57:54]} cxd5
{[%clk 1:06:43]} 14. b4 {[%clk 0:55:07]} Qd8 {[%clk 1:05:24]} 15. dxe5
{[%clk 0:50:22]} Nxe5 {[%clk 1:05:37]} 16. Bd4 {[%clk 0:49:50]} Bf5
{[%clk 1:02:34]} 17. Nf3 {[%clk 0:47:15]} Be4 {[%clk 1:00:42]} 18. Nxe5
{[%clk 0:42:51]} Bxe5 {[%clk 1:01:03]} 19. Bxe5 {[%clk 0:43:19]} Rxe5
{[%clk 1:01:22]} 20. Qd4 {[%clk 0:43:21]} Re7 {[%clk 0:59:05]} 21. Rfd1
{[%clk 0:38:54]} Qd7 {[%clk 0:51:12]} 22. Rc3 {[%clk 0:33:45]} Rc8
{[%clk 0:48:28]} 23. Rdc1 {[%clk 0:28:58]} Rxc3 {[%clk 0:48:25]} 24. Rxc3
{[%clk 0:25:32]} a6 {[%clk 0:44:44]} 25. Rc5 {[%clk 0:24:27]} Qe6
{[%clk 0:43:04]} 26. Kf1 {[%clk 0:13:49]} Re8 {[%clk 0:41:46]} 27. b5
{[%clk 0:11:09]} axb5 {[%clk 0:35:02]} 28. Bxb5 {[%clk 0:11:31]} Rc8
{[%clk 0:30:56]} 29. Rxc8+ {[%clk 0:04:49]} Qxc8 {[%clk 0:31:24]} 30. f3
{[%clk 0:05:14]} Qf5 {[%clk 0:31:22]} 31. Be2 {[%clk 0:04:01]} Bc2
{[%clk 0:30:12]} 32. Kf2 {[%clk 0:04:10]} h5 {[%clk 0:27:37]} 33. h3
{[%clk 0:03:25]} Bb3 {[%clk 0:26:58]} 34. Qc3 {[%clk 0:02:37]} Ba4
{[%clk 0:23:53]} 35. Qb2 {[%clk 0:02:37]} Bc6 {[%clk 0:23:58]} 36. Bf1
{[%clk 0:02:07]} h4 {[%clk 0:23:40]} 37. Be2 {[%clk 0:02:03]} Qg5
{[%clk 0:23:13]} 38. Qd4 {[%clk 0:02:07]} Qg3+ {[%clk 0:22:36]} 39. Kf1
{[%clk 0:02:36]} Qd6 {[%clk 0:22:49]} 40. Qb4 {[%clk 0:32:11]} Qe5
{[%clk 0:52:03]} 41. Qd4 {[%clk 0:29:16]} Qd6 {[%clk 0:50:36]} 42. Qc3
{[%clk 0:29:18]} g5 {[%clk 0:43:33]} 43. Qb4 {[%clk 0:27:04]} Qe5
{[%clk 0:40:07]} 44. Qd4 {[%clk 0:27:10]} f6 {[%clk 0:39:25]} 45. Bd3
{[%clk 0:23:44]} Kf7 {[%clk 0:39:15]} 46. Ke2 {[%clk 0:21:02]} Qg3
{[%clk 0:39:11]} 47. Kf1 {[%clk 0:20:49]} Qd6 {[%clk 0:36:45]} 48. Qc3
{[%clk 0:18:46]} Qe5 {[%clk 0:36:58]} 49. Qd4 {[%clk 0:18:54]} Qd6
{[%clk 0:33:13]} 50. Qc3 {[%clk 0:18:40]} Qe5 {[%clk 0:33:09]} 51. Qd4
{[%clk 0:19:03]} Ke7 {[%clk 0:31:50]} 52. Kf2 {[%clk 0:18:24]} Qg3+
{[%clk 0:32:06]} 53. Kf1 {[%clk 0:18:53]} Qd6 {[%clk 0:32:13]} 54. Qc3
{[%clk 0:18:46]} Qe5 {[%clk 0:32:37]} 55. Qb4+ {[%clk 0:18:28]} Kd7
{[%clk 0:32:05]} 56. Kf2 {[%clk 0:18:17]} Qg3+ {[%clk 0:32:23]} 57. Kf1
{[%clk 0:18:18]} Qd6 {[%clk 0:32:29]} 58. Bf5+ {[%clk 0:14:19]} Kc7
{[%clk 0:31:22]} 59. Qa5+ {[%clk 0:14:07]} Kb8 {[%clk 0:31:41]} 60. Ke2
{[%clk 0:12:01]} d4 {[%clk 0:26:26]} 61. Be4 {[%clk 0:09:14]} Bxe4
{[%clk 0:24:50]} 62. fxe4 {[%clk 0:09:38]} dxe3 {[%clk 0:25:10]} 63. Kxe3
{[%clk 0:09:35]} Qg3+ {[%clk 0:24:20]} 64. Kd4 {[%clk 0:09:42]} Qxg2
{[%clk 0:24:23]} 65. Qd8+ {[%clk 0:09:56]} Ka7 {[%clk 0:24:52]} 66. Qa5+
{[%clk 0:10:07]} Kb8 {[%clk 0:25:16]} 67. Qd8+ {[%clk 0:10:27]} Ka7
{[%clk 0:25:45]} 68. Qa5+ {[%clk 0:10:41]} 1/2-1/2

[Event "World Chess Olympiad 2018"]
[Site "Batumi"]
[Date "2018.10.04"]
[Round "10"]
[Board "4"]
[WhiteFideId "10200649"]
[White "Hossain Enamul"]
[BlackFideId "505455"]
[Black "Sipila Vilka"]
[Result "0-1"]
[LiveChessVersion "1.4.8"]
[BlackElo "2381"]
[WhiteElo "2452"]

1. e4 {[%clk 1:30:54]} e5 {[%clk 1:30:54]} 2. Nf3 {[%clk 1:31:17]} Nc6
{[%clk 1:31:18]} 3. Bc4 {[%clk 1:31:25]} Nf6 {[%clk 1:31:38]} 4. d3
{[%clk 1:31:47]} Bc5 {[%clk 1:32:04]} 5. O-O {[%clk 1:32:00]} d6 {[%clk 1:32:25]}
6. c3 {[%clk 1:31:45]} O-O {[%clk 1:32:50]} 7. Re1 {[%clk 1:30:48]} a5
{[%clk 1:33:12]} 8. a4 {[%clk 1:30:14]} h6 {[%clk 1:33:37]} 9. Nbd2
{[%clk 1:27:48]} Ba7 {[%clk 1:32:33]} 10. h3 {[%clk 1:22:00]} Ne7
{[%clk 1:29:46]} 11. Bb3 {[%clk 1:21:53]} Ng6 {[%clk 1:27:44]} 12. d4
{[%clk 1:21:52]} Re8 {[%clk 1:22:36]} 13. Bc2 {[%clk 1:18:43]} Bd7
{[%clk 1:15:46]} 14. Nc4 {[%clk 1:02:24]} exd4 {[%clk 1:13:44]} 15. cxd4
{[%clk 0:58:57]} Bc6 {[%clk 1:11:18]} 16. d5 {[%clk 0:49:20]} Bd7
{[%clk 1:11:38]} 17. Bd2 {[%clk 0:43:28]} Nh5 {[%clk 1:09:57]} 18. e5
{[%clk 0:31:53]} dxe5 {[%clk 1:00:44]} 19. Bxg6 {[%clk 0:29:46]} fxg6
{[%clk 1:01:06]} 20. Nfxe5 {[%clk 0:29:30]} Rf8 {[%clk 0:57:13]} 21. Be3
{[%clk 0:28:47]} Nf4 {[%clk 0:55:55]} 22. Nxd7 {[%clk 0:20:26]} Qxd7
{[%clk 0:55:26]} 23. Bxa7 {[%clk 0:16:40]} Rxa7 {[%clk 0:55:39]} 24. Re5
{[%clk 0:14:07]} Ra6 {[%clk 0:41:40]} 25. Ra3 {[%clk 0:07:09]} Raf6
{[%clk 0:41:01]} 26. Qg4 {[%clk 0:07:05]} Qf7 {[%clk 0:40:08]} 27. Ne3
{[%clk 0:05:21]} Rb6 {[%clk 0:36:47]} 28. Nd1 {[%clk 0:03:54]} Nxd5
{[%clk 0:36:29]} 29. Rd3 {[%clk 0:03:04]} Rb4 {[%clk 0:35:03]} 30. Rd4
{[%clk 0:01:55]} Nf6 {[%clk 0:34:34]} 31. Qf4 {[%clk 0:02:23]} Qb3
{[%clk 0:34:47]} 32. Qd2 {[%clk 0:02:16]} Qxa4 {[%clk 0:33:44]} 33. Rd3
{[%clk 0:01:04]} b6 {[%clk 0:32:51]} 34. Re7 {[%clk 0:01:20]} c5 {[%clk 0:21:55]}
35. Nc3 {[%clk 0:01:49]} Qa1+ {[%clk 0:20:33]} 36. Nd1 {[%clk 0:01:37]} Kh7
{[%clk 0:16:01]} 37. Kh2 {[%clk 0:01:11]} Qa2 {[%clk 0:11:23]} 38. Rd6
{[%clk 0:01:14]} Rf7 {[%clk 0:08:24]} 39. Rde6 {[%clk 0:00:44]} Rxe7
{[%clk 0:07:38]} 40. Rxe7 {[%clk 0:31:13]} Qd5 {[%clk 0:36:46]} 0-1